00772 2200217 4500245005300000020001800053250001200071100002400083100002300107700001800130700001100148650001400159650001400173005001900187260004200206041001400248084001000262300002800272500024500300336000900545 aThe Cashflow QuadrantcKiyosaki, Robert T.hText a979-655-912-9 aCet. 15 aKiyosaki, Robert T. aLechter, Sharon L. aRina Buntaran aSukoco aFinansial aInvestasi a20240506101323 aJakartabGramedia Pustaka Utamac2005 aIndonesia a332.6 avii, 330 hlm. :c23 cm. aBest seller ini akan memperlihatkan mengapa beberapa orang bekerja lebih sedikit, tapi menghasilkan lebih banyak dan lebih aman secara finansial daripada yang lain. Ini hanya masalah mengetahui dan kuadran mana anda harus bekerja dan kapan. atext